Les vainqueurs du Tour de France 1903-1926 - Statistiques

Statistiques générales
  • Ce quiz a été pris 17 fois
  • Le résultat moyen est 10 sur 20
Statistiques - réponses
Année Vainqueur % Correct
1903 Maurice Garin
92%
1907 Lucien Petit-Breton
77%
1908 Lucien Petit-Breton
77%
1913 Philippe Thys
69%
1914 Philippe Thys
69%
1923 Henri Pélissier
62%
1920 Philippe Thys
62%
1909 François Faber
54%
1905 Louis Trousselier
54%
1910 Octave Lapize
54%
1911 Gustave Garrigou
46%
1919 Firmin Lambot
38%
1922 Firmin Lambot
38%
1904 Henri Cornet
38%
1912 Odile Defraye
38%
1924 Ottavio Bottecchia
38%
1925 Ottavio Bottecchia
38%
1906 René Pottier
38%
1921 Léon Scieur
31%
1926 Lucien Buysse
31%
Aucun quiz correspondant
Distribution des résultats
% des personnes avec chaque résultat
Percentile par nombre de réponses
Votre historique - résultats
Vous n’avez pas pris ce quiz